| 000 | 00561cam a2200193ua 4500 | ||
|---|---|---|---|
| 001 | 11796 | ||
| 008 | 191107n ii |||gr||||Z||||||eng | ||
| 020 | _a9789384207007 | ||
| 040 | _cMAIN | ||
| 041 | _aeng | ||
| 082 | _a305.4 | ||
| 100 |
_aVulli Dhanaraju, _eEditor. |
||
| 245 |
_aContesting gender : _bHistory, politics and identity / _cEd by Vulli Dhanaraju and Narendra Singh . |
||
| 260 |
_aNew Delhi: _bDominant publishers and distributors, _c2017. |
||
| 300 | _a274p. | ||
| 653 | _aSocial groups | ||
| 700 |
_aNarendra Singh, _eEditor. |
||
| 942 | _cBK | ||
| 999 |
_c10591 _d10591 |
||